Sports Quiz

Random Sports or Baseball Quiz

1970s Big 4 MVPs Quiz Stats

 Plays Quiz not verified by Sporcle

Challenge
Share
Tweet
Embed
Score 0/50 Timer 06:00
1 Play Today
League MVP % Correct
ALReggie Jackson
78.3%
NBALew Alcindor
78.1%
NBAKareem Abdul-Jabbar
78.1%
NBAKareem Abdul-Jabbar
78.1%
NBAKareem Abdul-Jabbar
78.1%
NBAKareem Abdul-Jabbar
78.1%
NFLTerry Bradshaw
73.9%
NHLBobby Orr
72.2%
NHLBobby Orr
72.2%
NHLBobby Orr
72.2%
NLJohnny Bench
68.7%
NLJohnny Bench
68.7%
NLJoe Morgan
67.5%
NLJoe Morgan
67.5%
NLPete Rose
66.5%
NLKeith Hernandez/Willie Stargell
62%
ALJim Rice
51.8%
NFLO.J. Simpson
46.7%
ALThurman Munson
45.9%
NBABill Walton
45.1%
ALFred Lynn
44.4%
NHLPhil Esposito
44%
NFLFran Tarkenton
42.4%
NLGeorge Foster
41.7%
NLSteve Garvey
40.2%
League MVP % Correct
NFLWalter Payton
40%
NBAWillis Reed
39.9%
ALDon Baylor
39.6%
NHLBobby Clarke
38.5%
NHLBobby Clarke
38.5%
NHLBobby Clarke
38.5%
NFLKen Stabler
38.2%
ALVida Blue
37.9%
ALRod Carew
37.8%
NBAMoses Malone
37.7%
NHLGuy Lafleur
36.8%
NHLGuy Lafleur
36.8%
NFLBert Jones
35.2%
NLDave Parker
34.2%
NFLLarry Brown
33.3%
NBADave Cowens
32.6%
NFLEarl Campbell
31.7%
ALDick Allen
29.1%
ALBoog Powell
27%
NLJoe Torre
27%
NHLBryan Trottier
25.5%
ALJeff Burroughs
24.8%
NBABob McAdoo
24.6%
NFLAlan Page
15.3%
NFLJohn Brodie
11.4%

You're not logged in!

Compare scores with friends on all Sporcle quizzes.
Join for Free
OR
Log In

You Might Also Like...

Show Comments

Extras

Top Quizzes Today


Score Distribution

Your Account Isn't Verified!

In order to create a playlist on Sporcle, you need to verify the email address you used during registration. Go to your Sporcle Settings to finish the process.

Report this User

Report this user for behavior that violates our Community Guidelines.

Details: